[Event "2017 Oceania Zone 3.6 Zonal Championship"]
[Site "Auckland, NZL"]
[Date "2017.01.19"]
[Round "8.3"]
[White "Ker, Anthony F"]
[Black "Dive, Russell J"]
[Result "1-0"]
[LiveChessVersion "1.4.7"]
[BlackElo "2304"]
[WhiteElo "2300"]

1. e4 {[%clk 1:30:52]} c6 {[%clk 1:30:04]} 2. d4 {[%clk 1:31:13]} d5
{[%clk 1:30:27]} 3. exd5 {[%clk 1:31:37]} cxd5 {[%clk 1:30:52]} 4. c4
{[%clk 1:31:59]} Nf6 {[%clk 1:30:58]} 5. Nc3 {[%clk 1:32:19]} Nc6
{[%clk 1:31:18]} 6. Nf3 {[%clk 1:32:40]} Bg4 {[%clk 1:31:18]} 7. cxd5
{[%clk 1:32:59]} Nxd5 {[%clk 1:31:41]} 8. Qb3 {[%clk 1:33:22]} Bxf3
{[%clk 1:32:02]} 9. gxf3 {[%clk 1:33:46]} Nb6 {[%clk 1:32:21]} 10. Be3
{[%clk 1:33:43]} e6 {[%clk 1:32:36]} 11. O-O-O {[%clk 1:33:59]} Be7
{[%clk 1:33:02]} 12. d5 {[%clk 1:34:11]} exd5 {[%clk 1:32:42]} 13. Nxd5
{[%clk 1:09:50]} Nxd5 {[%clk 1:32:53]} 14. Rxd5 {[%clk 1:10:14]} Qc7
{[%clk 1:33:12]} 15. Kb1 {[%clk 1:10:40]} O-O {[%clk 1:33:36]} 16. f4
{[%clk 1:11:03]} Rad8 {[%clk 1:29:39]} 17. Bg2 {[%clk 1:11:14]} Rxd5
{[%clk 1:24:13]} 18. Bxd5 {[%clk 1:11:35]} Bf6 {[%clk 1:23:09]} 19. Rc1
{[%clk 1:10:53]} Qd7 {[%clk 1:19:18]} 20. Be4 {[%clk 0:54:00]} h6
{[%clk 0:34:45]} 21. Qd5 {[%clk 0:41:13]} Qh3 {[%clk 0:22:15]} 22. Qf5
{[%clk 0:38:01]} Qxf5 {[%clk 0:22:19]} 23. Bxf5 {[%clk 0:38:28]} Bd4
{[%clk 0:06:50]} 24. Rc4 {[%clk 0:31:34]} Rd8 {[%clk 0:06:00]} 25. Be4
{[%clk 0:16:33]} Bxe3 {[%clk 0:06:13]} 26. fxe3 {[%clk 0:16:50]} Rd6
{[%clk 0:06:42]} 27. Kc2 {[%clk 0:16:38]} Kf8 {[%clk 0:07:04]} 28. b4
{[%clk 0:16:02]} a6 {[%clk 0:05:29]} 29. a4 {[%clk 0:16:24]} Ke7 {[%clk 0:05:06]}
30. b5 {[%clk 0:14:59]} axb5 {[%clk 0:05:34]} 31. axb5 {[%clk 0:15:23]} Nd8
{[%clk 0:05:54]} 32. Rc7+ {[%clk 0:11:47]} Rd7 {[%clk 0:06:14]} 33. b6
{[%clk 0:11:45]} Kd6 {[%clk 0:05:17]} 34. Rxd7+ {[%clk 0:10:30]} Kxd7
{[%clk 0:05:46]} 35. Kc3 {[%clk 0:10:46]} Kd6 {[%clk 0:04:34]} 36. Kc4
{[%clk 0:10:55]} g5 {[%clk 0:02:48]} 37. h3 {[%clk 0:05:54]} f6 {[%clk 0:02:53]}
38. Bg2 {[%clk 0:05:22]} gxf4 {[%clk 0:01:03]} 39. exf4 {[%clk 0:05:46]} Ne6
{[%clk 0:00:51]} 40. f5 {[%clk 0:33:45]} Nd8 {[%clk 0:30:44]} 41. Kb5
{[%clk 0:20:46]} Ke5 {[%clk 0:15:18]} 42. Kc5 {[%clk 0:21:09]} Kxf5
{[%clk 0:15:42]} 43. Kd6 {[%clk 0:21:30]} Nf7+ {[%clk 0:16:06]} 44. Kc7
{[%clk 0:21:20]} Ne5 {[%clk 0:16:30]} 45. Bf1 {[%clk 0:13:35]} Ke6
{[%clk 0:15:58]} 46. Bb5 {[%clk 0:13:32]} Kd5 {[%clk 0:11:37]} 47. Kxb7
{[%clk 0:12:23]} Nf7 {[%clk 0:12:00]} 48. Bc4+ {[%clk 0:10:10]} Kxc4
{[%clk 0:11:05]} 49. Kc7 {[%clk 0:10:34]} Ng5 {[%clk 0:06:00]} 50. b7
{[%clk 0:10:55]} Ne6+ {[%clk 0:06:27]} 51. Kd6 {[%clk 0:10:41]} Kd5+ 1-0